| 000 | 00799cpcaa22002297a 4500 | ||
|---|---|---|---|
| 001 | mm 81001070 | ||
| 003 | DLC | ||
| 005 | 20260227111705.0 | ||
| 008 | 811109|||||||||||| dut | ||
| 010 | _amm 81001070 | ||
| 040 |
_aDLC _cDLC _edacs _dDLC |
||
| 072 | 7 |
_aC _2lcmd |
|
| 245 | 0 | 0 |
_aNetherlands mercantile documents : _kcollection, _f1644-1662. |
| 300 |
_a8 _fitems. |
||
| 506 | 0 | _aOpen to research. | |
| 533 |
_aIn part, handwritten transcripts. _b[S.l.]. |
||
| 546 | _aCollection material in Dutch. | ||
| 580 | _aForms part of: Miscellaneous Manuscripts collection. | ||
| 651 | 0 |
_aNetherlands _xCommerce. |
|
| 999 |
_c42967 _d42967 |
||